| 000 | 00490cam a2200181 a 4500 | ||
|---|---|---|---|
| 020 | _a0697263274 | ||
| 020 | _a0697222136 (cover) | ||
| 040 | _cDLC | ||
| 082 | 0 | 0 | _a574 WMC 1995 A081 Or. |
| 100 | 1 | _aRaven, Peter H. | |
| 245 | 1 | 0 | _aUnderstanding biology / |
| 250 | _a3rd ed. | ||
| 260 |
_aDubuque, IA : _bWm. C. Brown Publishers, _cc1995. |
||
| 300 |
_a1 v. (various pagings) : _bchiefly col. ill., maps ; _c29 cm. |
||
| 650 | 0 | _aBiology. | |
| 700 | 1 | _aJohnson, George B. | |
| 942 | _cEK | ||
| 999 |
_c15878 _d15878 |
||